000
00319nam a2200121Ia 4500
005
20251222143210.0
008
251222s9999||||xx |||||||||||||| ||spa||
082
_a
616.891.485/O81
100
_a
Osso, Laura
245
0
_a
Guía Metodológica para la Intervención en Consumo de Drogas
264
_b
DEVIDA
942
_c
LIB
999
_c
13403
_d
13403